Engineering Drawing (Record no. 1157)

MARC details
000 -LEADER
fixed length control field 00275nam a22001217a 4500
005 - DATE AND TIME OF LATEST TRANSACTION
control field 20160520095730.0
008 - FIXED-LENGTH DATA ELEMENTS--GENERAL INFORMATION
fixed length control field 160520b xxu||||| |||| 00| 0 eng d
041 ## - LANGUAGE CODE
Language code of text/sound track or separate title eng
082 ## - DEWEY DECIMAL CLASSIFICATION NUMBER
Item number 3373
245 ## - TITLE STATEMENT
Title Engineering Drawing
650 ## - SUBJECT ADDED ENTRY--TOPICAL TERM
Topical Term Information Technology
942 ## - ADDED ENTRY ELEMENTS (KOHA)
Koha item type Books
Holdings
Lost status Damaged status Home library Date acquired Cost, normal purchase price Full call number Accession Number Koha item type
    JRU Library 20/05/2016 200.00 3373 3373 Books
    JRU Library 20/05/2016 200.00 3373 3374 Books